000 00785nam a22002177a 4500
999 _c65586
_d65586
005 20240530110832.0
008 190924s2007 ua a f 000 0 ara d
017 _a2007/25363
_bمصر. دار الكتب
040 _aEG-CaGPL
_cEG-CaGPL
082 0 4 _221
_a324.6
_bق/ع ا
100 0 _aعمرو عبدالرحمن
245 1 2 _aالانتخابات فى مصر/
_cعمرو عبدالرحمن
250 _aط.1
260 _aالقاهرة :
_bمركز القاهرة لدراسات حقوق الانسان ،
_c2007
300 _a108 ص. :
_bايض.؛
_c20 سم
490 _aسلسلة تعليم حقوق الانسان ؛
_v16
650 0 7 _2qrmak
_aالانتخابات
_zمصر
651 _2qrmak
942 _2ddc
_cBK